000 00942cam a2200301 a 4500
001 15205905
003 OSt
005 20250423161705.0
008 080305s2004 gh 001 0 eng
010 _a 2008349230
020 _a9988826303
040 _aDLC
_cDLC
_dDLC
042 _alcode
043 _af-gh---
050 0 0 _aKRX78.B87
_bG47 2004
100 1 _aGhartey, Joe.
245 1 0 _aDoing business and investing in Ghana :
_blegal and institutional framework /
_cJoe Ghartey.
260 _aAccra :
_bJanel Publications,
_c2004.
300 _axxxvii, 336 p. ;
_c24 cm.
500 _aIncludes index.
650 0 _aCommercial law
_zGhana.
650 0 _aBusiness enterprises, Foreign
_xLaw and legislation
_zGhana.
650 0 _aInvestments, Foreign
_xLaw and legislation
_zGhana.
651 0 _aGhana
_xEconomic conditions.
906 _a7
_bcbc
_corigode
_d3
_encip
_f20
_gy-gencatlg
942 _2lcc
_cBK
_n0
999 _c5516
_d5516